| 000 | 00347nam a2200133Ia 4500 | ||
|---|---|---|---|
| 008 | 240624s9999 xx 000 0 und d | ||
| 041 | _aeng | ||
| 082 | _a658.4012 LEI | ||
| 100 | _aLEIBNER JOSH | ||
| 245 | _aPOWER STRATEGIC COMMITMENT ACHIEVING EXT | ||
| 260 |
_c2009 _aNew York _bAMACOM |
||
| 300 | _axvii, : 265 : p. : cm. ; 23 | ||
| 365 |
_c _b25 |
||
| 999 |
_c22387 _d22387 |
||